1520 1806 1294 1546 1254 1122 1562 1205 1605 1159 1980 1222 1313 1462 1367 1786 1098 1083 1313 1023 1570 1490 1038 1131 1568 1921 1647 1262 1840 1642 1393 1094 1018 1884 1807 1900 1054 1509 1085 1736 1931 1202 1800 1538 1188 1847 1607 1073 1119 1957 1865 1303 1246 1012 1453 1986 1405 1963 1651 1844 1681 1421 1631 1913 1451 1676 1726 1235 1792 1303 1996 1629 1476 1604 1091 1966 1137 1059 1880 1518 1842 1647 1174 1540 1128 1210 1132 1524 1430 1734 1576 1294 1086 1481 1326 1297 1194 1735 1825 BCNSPRNW ULIB Ver.6.0+V

เปลี่ยนเป็นภาษาไทย

Change to English
 แสดงรายละเอียดบรรณานุกรม
  กลับหน้าหลัก

Brief Record : Get Marc (ISO 2709) : E-mail record : QR code < ปิดหน้าต่าง
LEADER : 00000nam 2200000uu 4500
001    13399121899
003     ULIB
008    121213s2549||||th 000 0 tha d
020    ^a974977308X
060 04 ^aWO100^bป364ศ ล.32 2549
245 00 ^aศัลยศาสตร์วิวัฒน์ 32 =^bCurrent practice in colorectalsurgery /^cบรรณาธิการ, ประยุทธ ศิริวงษ์, สมบุญ เจริญเศรษฐมห, ปริญญา ทวีชัยการ
246 30 ^aCurrent practice in colorectal surgery
250    ^aพิมพ์ครั้งที่ 1
260    ^aกรุงเทพฯ :^bกรุงเทพเวชสาร,^c2549
300    ^aก-ช, 430 หน้า :^bภาพประกอบ ;^c22 ซม.
650  2 ^aColorectal Surgery
650  7 ^aศัลยศาสตร์
653    ^aผลงานอาจารย์คณะแพทยศาสตร์ศิริราชพยาบาล
700 0  ^aประยุทธ ศิริวงษ์,^eบรรณาธิการ
700 0  ^aสมบุญ เจริญเศรษฐมห,^eบรรณาธิการ
700 0  ^aปริญญา ทวีชัยการ,^eบรรณาธิการ
945    ^p470^l0^i24846
995    ^aทศพร
999    ^aทศพร เกษรทอง
รายการนี้ยังไม่มีแท็ก
คุณยังไม่ได้ล็อกอิน คุณสามารถมีกิจกรรมร่วมกับเว็บไซต์ได้ แต่ต้องล็อกอินก่อน ::
  ล็อกอิน

รายการสื่อสารสนเทศ

ลำดับที่ ประเภท เลขเรียก/บาร์โค้ด สถานที่ สถานะ
1. วิทยาศาสตร์การแพทย์ และสุขภาพ
วิทยาศาสตร์การแพทย์ และสุขภาพ
WO100 ป364ศ ล.32 2549 ฉ.1 
  Barcode: 24846
ห้องสมุดวิทยาเขตสวรรค์ประชารักษ์
►หนังสือทั่วไป
บนชั้น

รายการใกล้เคียง
    หัวเรื่อง [ศัลยศาสตร์]

BibComment


ยังไม่เคยถูกคอมเมนท์

คอมเมนท์ทรัพยากรรายการนี้
  คอมเมนท์: ศัลยศาสตร์วิวัฒน..


 Copyright 2026. Bcnsprnw @Library